000 00339nam a2200133Ia 4500
008 190723s9999 xx 000 0 und d
020 _a978-93-325-5659-1
100 _aMark J. Guzdial
245 0 _aIntroduction to computing and programming in Python
250 _a4th
260 _aIndia
_bPearson
_c2016
300 _a499.:P
942 _cBK
999 _c1826
_d1826